Ekonomická štatistika

Guardado en:
Detalles Bibliográficos
Autor principal: Sodomová, Eva
Autor Corporativo: Vysoká škola ekonomická v Bratislave. Fakulta riadenia
Otros Autores: Wittmannová, Zuzana
Formato: Libro
Lenguaje:eslovaco
Publicado: Bratislava VŠE 1988
Edición:2. vyd.
Etiquetas: Agregar Etiqueta
Sin Etiquetas, Sea el primero en etiquetar este registro!

MARC

LEADER 00000nam a2200000 4500
001 c024987
005 20230116100417.2
041 0 |a slo 
044 |a SK 
245 1 0 |a Ekonomická štatistika  |c Eva Sodomová, Zuzana Wittmannová 
250 |a 2. vyd. 
264 1 |a Bratislava  |b VŠE  |c 1988 
300 |a 180 s. 
100 1 |a Sodomová, Eva 
700 1 |a Wittmannová, Zuzana 
710 2 |a Vysoká škola ekonomická v Bratislave. Fakulta riadenia